[Event "Le Blanc et Noir Gp-A op"]
[Site "St Jean sur Richelieu"]
[Date "2020.01.19"]
[Round "5"]
[White "Kozlov, Guennadi"]
[Black "Craciun, David"]
[Result "0-1"]
[WhiteElo "1297"]
[BlackElo "1771"]
[PlyCount "68"]
[EventDate "2020.01.17"]
[EventType "swiss"]
[EventRounds "5"]
[EventCountry "CAN"]
[SourceTitle "CBM 194 Extra"]
[Source "ChessBase"]
[SourceDate "2020.03.31"]
[SourceVersion "1"]
[SourceVersionDate "2020.03.31"]
[SourceQuality "1"]

1. e4 e5 2. f4 Bc5 3. Nf3 d6 4. Bc4 Nf6 5. Qe2 Nc6 6. c3 a6 7. a4 0-0 8. d3 Re8 9. f5 d5 10. Bb3 Qd6 11. Be3 Bd7 12. 0-0 dxe4 13. Ng5 Re7 14. Nxe4 Nxe4 15. dxe4 Na5 16. Bc2 Bxe3+ 17. Qxe3 Nc4 18. Qc1 Qb6+ 19. Rf2 Bc6 20. b4 Rd8 21. Bb3 Red7 22. Qe1 Nb2 23. Na3 Nd3 24. Nc4 Qxf2+ 25. Qxf2 Nxf2 26. Kxf2 Bxe4 27. Nxe5 Re7 28. Nf3 Bxf5 29. Rc1 Rd3 30. Bc4 Rde3 31. Nd4 Bd3 32. Bd5 c6 33. Bf3 g6 34. h3 Bc4 0-1

[Event "Montreal Noel op"]
[Site "Montreal"]
[Date "2019.12.29"]
[Round "4"]
[White "Robichaud, Louis"]
[Black "Craciun, David"]
[Result "1/2-1/2"]
[WhiteElo "2038"]
[BlackElo "1771"]
[PlyCount "72"]
[EventDate "2019.12.26"]
[EventType "swiss"]
[EventRounds "5"]
[EventCountry "CAN"]
[SourceTitle "CBM 194 Extra"]
[Source "ChessBase"]
[SourceDate "2020.03.31"]
[SourceVersion "1"]
[SourceVersionDate "2020.03.31"]
[SourceQuality "1"]

1. e4 e5 2. Nf3 Nc6 3. Bb5 a6 4. Ba4 Nf6 5. 0-0 Be7 6. Re1 b5 7. Bb3 0-0 8. c3 d5 9. exd5 Nxd5 10. Nxe5 Nxe5 11. Rxe5 c6 12. d4 Bd6 13. Re1 Qh4 14. g3 Qh3 15. Re4 g5 16. Qf1 Qh5 17. Nd2 Bf5 18. f3 Rae8 19. Rxe8 Rxe8 20. Ne4 Bxe4 21. fxe4 Rxe4 22. Bd1 g4 23. Bc2 Re6 24. Bd2 Ne3 25. Bxe3 Rxe3 26. Re1 Bxg3 27. Re2 Rf3 28. Qg2 Bd6 29. Be4 Rh3 30. Bxc6 Rxh2 31. Qf1 g3 32. Bg2 Rh4 33. Qf6 Qxe2 34. Qd8+ Bf8 35. Qg5+ Bg7 36. Qd8+ Bf8 1/2-1/2

[Event "Montreal op"]
[Site "Montreal"]
[Date "2019.09.07"]
[Round "3"]
[White "Adriaanse, Adam"]
[Black "Craciun, David"]
[Result "1-0"]
[WhiteElo "1989"]
[BlackElo "1802"]
[PlyCount "105"]
[EventDate "2019.09.06"]
[EventType "swiss"]
[EventRounds "5"]
[EventCountry "CAN"]
[SourceTitle "EXT 2020"]
[Source "ChessBase"]
[SourceDate "2019.10.17"]
[SourceVersion "1"]
[SourceVersionDate "2019.10.17"]
[SourceQuality "1"]

1. d4 d5 2. c4 e6 3. Nc3 Be7 4. Bf4 Nf6 5. e3 0-0 6. h3 Nbd7 7. Nf3 a6 8. Rc1 Re8 9. Bh2 c5 10. cxd5 Nxd5 11. Be2 b5 12. Nxd5 exd5 13. dxc5 Nxc5 14. 0-0 Bb7 15. Nd4 Qb6 16. Bf3 Bf6 17. b4 Ne4 18. Bc7 Qa7 19. Qd3 Be5 20. Nb3 Bxc7 21. Rxc7 Qb6 22. Rfc1 Rad8 23. Qd4 Qxd4 24. Nxd4 Rc8 25. Nf5 Rxc7 26. Rxc7 Rb8 27. Bd1 Ba8 28. f3 Nd2 29. Ra7 Nc4 30. Rxa6 g6 31. Nd6 Nxe3 32. Bb3 Nc4 33. Nxb5 Bb7 34. Ra7 Bc6 35. Nd4 Be8 36. a3 Rc8 37. a4 Nd2 38. Ra5 Nxb3 39. Nxb3 Rb8 40. b5 Kf8 41. Ra6 Ke7 42. Kf2 h5 43. Ke3 Bxb5 44. axb5 Rxb5 45. Nd4 Rb2 46. g3 h4 47. Kf4 Rb1 48. Ke5 f6+ 49. Kxd5 Rh1 50. Ra7+ Kf8 51. Ke6 Rxh3 52. Kxf6 Ke8 53. Rh7 1-0

[Event "Quebec op"]
[Site "Longueuil"]
[Date "2019.07.20"]
[Round "1"]
[White "Martinez Mulet, Dario Leonel"]
[Black "Craciun, David"]
[Result "1-0"]
[WhiteElo "2123"]
[BlackElo "1720"]
[PlyCount "77"]
[EventDate "2019.07.20"]
[EventType "swiss"]
[EventRounds "9"]
[EventCountry "CAN"]
[SourceTitle "CBM 191 Extra"]
[Source "ChessBase"]
[SourceDate "2019.09.30"]
[SourceVersion "1"]
[SourceVersionDate "2019.09.30"]
[SourceQuality "1"]

1. d4 d5 2. c4 e6 3. Nc3 Be7 4. Nf3 Nf6 5. Bg5 0-0 6. e3 Nbd7 7. cxd5 exd5 8. Bd3 Re8 9. 0-0 Nf8 10. Qc2 h6 11. Bh4 c6 12. Rab1 b6 13. b4 Bb7 14. Rfd1 Ne6 15. Ne5 Rc8 16. Bf5 Qc7 17. Rdc1 Red8 18. Qd3 Qb8 19. Bxe6 fxe6 20. Qg6 Rf8 21. Nd7 Nxd7 22. Qxe6+ Rf7 23. Bxe7 Re8 24. Qxd7 Rexe7 25. Qg4 Qf8 26. Rb2 Bc8 27. Qg3 Bf5 28. Ne2 Rf6 29. Nf4 Ref7 30. Rc3 Kh7 31. a4 g5 32. Nd3 h5 33. Ne5 Rg7 34. Rxc6 Be6 35. h4 gxh4 36. Qxh4 Kh6 37. Rbc2 Rg5 38. f4 Rg7 39. f5 1-0

[Event "Montreal Ligue elite du dimanche S10"]
[Site "Montreal"]
[Date "2019.04.07"]
[Round "5"]
[White "Zhong, Kevin"]
[Black "Craciun, David"]
[Result "1-0"]
[WhiteElo "2169"]
[BlackElo "1950"]
[PlyCount "71"]
[EventDate "2019.02.10"]
[EventType "swiss"]
[EventRounds "5"]
[EventCountry "CAN"]
[SourceTitle "EXT 2022"]
[Source "ChessBase"]
[SourceDate "2021.10.06"]
[SourceVersion "1"]
[SourceVersionDate "2021.10.06"]
[SourceQuality "1"]
[WhiteTeam "Puzzle Rushers"]
[BlackTeam "Mannered Monkeys"]
[WhiteTeamCountry "CAN"]
[BlackTeamCountry "CAN"]

1. e4 c5 2. Ne2 Nc6 3. Nbc3 g6 4. g3 Bg7 5. Bg2 d6 6. 0-0 Bd7 7. d3 Rb8 8. Bg5 h6 9. Be3 Nd4 10. Rb1 Qc8 11. b4 Bh3 12. bxc5 dxc5 13. Nb5 Bxg2 14. Kxg2 Qd7 15. c4 a6 16. Nbc3 e6 17. Na4 Qc7 18. Bxd4 cxd4 19. Qb3 Ne7 20. Qb6 Kd8 21. Nc5 Kc8 22. Rb3 Nc6 23. Rfb1 Nd8 24. Qxc7+ Kxc7 25. Nxa6+ Kc8 26. Nxb8 Kxb8 27. Rb5 Kc7 28. Nc1 Re8 29. Nb3 Re7 30. Na5 Kc8 31. c5 Rc7 32. Nc4 Bf8 33. Nb6+ Kb8 34. a4 Bxc5 35. Rxc5 Rxc5 36. Nd7+ 1-0

[Event "Montreal Noel op"]
[Site "Montreal"]
[Date "2018.12.27"]
[Round "2"]
[White "Craciun, David"]
[Black "Fareh, Youness"]
[Result "1-0"]
[WhiteElo "1727"]
[BlackElo "2173"]
[PlyCount "77"]
[EventDate "2018.12.26"]
[EventType "swiss"]
[EventRounds "5"]
[EventCountry "CAN"]
[SourceTitle "CBM 188 Extra"]
[Source "ChessBase"]
[SourceDate "2019.02.26"]
[SourceVersion "1"]
[SourceVersionDate "2019.02.26"]
[SourceQuality "1"]

1. d4 Nf6 2. Bg5 g6 3. Nc3 Bg7 4. e4 d6 5. Qd2 a5 6. Nf3 Na6 7. Bh6 Bxh6 8. Qxh6 e6 9. Bc4 Ng8 10. Qe3 c6 11. a4 Nb4 12. Bb3 Qe7 13. 0-0 Bd7 14. Ne2 h5 15. c3 Na6 16. Nc1 Nh6 17. h3 f6 18. Nd3 g5 19. Nd2 d5 20. Rfe1 g4 21. h4 0-0-0 22. Nf4 Qf7 23. c4 Rde8 24. Qc3 Kb8 25. cxd5 exd5 26. Qxa5 Nc7 27. exd5 Rxe1+ 28. Rxe1 Re8 29. Rc1 g3 30. d6 gxf2+ 31. Kxf2 Ng4+ 32. Kg1 Ne6 33. Qc7+ Ka7 34. Nxe6 Rxe6 35. Rc5 Re1+ 36. Nf1 Rxf1+ 37. Kxf1 Nh2+ 38. Kg1 Nf3+ 39. Kh1 1-0

[Event "Quebec op U2000"]
[Site "Longueuil"]
[Date "2018.07.24"]
[Round "5.26"]
[White "Craciun, David"]
[Black "Richard, Leo"]
[Result "1-0"]
[WhiteElo "1879"]
[BlackElo "1915"]
[PlyCount "51"]
[EventDate "2018.07.21"]
[EventType "swiss"]
[EventRounds "9"]
[EventCountry "CAN"]
[SourceTitle "EXT 2022"]
[Source "ChessBase"]
[SourceDate "2021.10.06"]
[SourceVersion "1"]
[SourceVersionDate "2021.10.06"]
[SourceQuality "1"]

1. d4 d5 2. Bf4 e6 3. Nf3 c5 4. e3 Nc6 5. c3 Nf6 6. Nbd2 Bd6 7. Bg3 Bxg3 8. hxg3 cxd4 9. exd4 h6 10. Bd3 Qd6 11. Qe2 Rb8 12. Ne5 Nd7 13. f4 Ndxe5 14. fxe5 Qe7 15. Qg4 Kf8 16. 0-0 Qg5 17. Qf3 Nd8 18. Qf2 h5 19. Nf3 Qh6 20. c4 dxc4 21. Bxc4 Bd7 22. d5 b6 23. Nd4 exd5 24. Bxd5 Qg6 25. Rae1 Be6 26. Nxe6+ 1-0

[Event "Quebec op U2000"]
[Site "Longueuil"]
[Date "2018.07.22"]
[Round "2.28"]
[White "Duplessis, Claude"]
[Black "Craciun, David"]
[Result "0-1"]
[WhiteElo "1712"]
[BlackElo "1879"]
[PlyCount "56"]
[EventDate "2018.07.21"]
[EventType "swiss"]
[EventRounds "9"]
[EventCountry "CAN"]
[SourceTitle "EXT 2022"]
[Source "ChessBase"]
[SourceDate "2021.10.06"]
[SourceVersion "1"]
[SourceVersionDate "2021.10.06"]
[SourceQuality "1"]

1. e4 e5 2. Nf3 Nc6 3. Bb5 a6 4. Ba4 Nf6 5. 0-0 Be7 6. Re1 b5 7. Bb3 0-0 8. c3 d5 9. exd5 Nxd5 10. Nxe5 Nxe5 11. Rxe5 c6 12. d4 Bd6 13. Re1 Qh4 14. g3 Qh3 15. Re4 g5 16. Qf3 Bf5 17. Re1 Rae8 18. Bd2 Rxe1+ 19. Bxe1 Re8 20. Nd2 Be6 21. Qg2 Qh5 22. Nf1 Bh3 23. Qh1 Qe2 24. Bd2 Bxf1 25. Bxd5 Qxd2 26. Bxc6 Re1 27. Rxe1 Qxe1 28. Qe4 Be2+ 0-1

[Event "Quebec-ch U14"]
[Site "Montreal"]
[Date "2018.01.13"]
[Round "3"]
[White "Omichi, Haruaki"]
[Black "Craciun, David"]
[Result "1/2-1/2"]
[WhiteElo "1703"]
[BlackElo "1730"]
[PlyCount "98"]
[EventDate "2018.01.12"]
[EventType "swiss"]
[EventRounds "5"]
[EventCountry "CAN"]
[SourceTitle "EXT 2022"]
[Source "ChessBase"]
[SourceDate "2021.10.06"]
[SourceVersion "1"]
[SourceVersionDate "2021.10.06"]
[SourceQuality "1"]

1. e4 e5 2. Nf3 Nc6 3. Nc3 Nf6 4. d4 exd4 5. Nxd4 Bb4 6. Nxc6 bxc6 7. Bd3 d5 8. exd5 cxd5 9. 0-0 0-0 10. Bg5 c6 11. Qf3 Be7 12. h3 Be6 13. Ne2 Rb8 14. Rab1 Nd7 15. Bf4 Ra8 16. c3 Nc5 17. Bc2 f5 18. Nd4 Bd7 19. c4 Ne4 20. cxd5 cxd5 21. Bb3 Qa5 22. Qd3 Kh8 23. f3 Nc5 24. Qe3 Nxb3 25. Nxb3 Qb6 26. Kh1 Bf6 27. Rfd1 Bc6 28. Rbc1 Rac8 29. Qxb6 axb6 30. Nd4 Bd7 31. Bd6 Rfe8 32. Rc7 Rxc7 33. Bxc7 b5 34. b4 Rc8 35. Bd6 Rc4 36. Bc5 Bxd4 37. Rxd4 Rxd4 38. Bxd4 Kg8 39. Kg1 Kf7 40. Kf2 g6 41. f4 Ke7 42. Ke3 Ke6 43. Bc5 Bc6 44. Kd4 Be8 45. Bb6 Kd6 46. Bc5+ Ke6 47. Bf8 Bc6 48. Kc5 Bd7 49. Bd6 Be8 1/2-1/2

[Event "Montreal Young Stars 2"]
[Site "Montreal"]
[Date "2017.12.10"]
[Round "4.8"]
[White "Craciun, David"]
[Black "Pomerantz, Daniel"]
[Result "0-1"]
[WhiteElo "1680"]
[BlackElo "1905"]
[PlyCount "70"]
[EventDate "2017.12.09"]
[EventType "swiss"]
[EventRounds "8"]
[EventCountry "CAN"]
[SourceTitle "EXT 2022"]
[Source "ChessBase"]
[SourceDate "2021.10.06"]
[SourceVersion "1"]
[SourceVersionDate "2021.10.06"]
[SourceQuality "1"]

1. d4 Nf6 2. Bf4 e6 3. Nf3 b6 4. e3 c5 5. c4 cxd4 6. exd4 Bb7 7. Nc3 Bb4 8. a3 Bxc3+ 9. bxc3 d6 10. Bd3 0-0 11. Qe2 Re8 12. 0-0 Qc7 13. Rfe1 Nbd7 14. Bg3 Nf8 15. Nd2 Ng6 16. f4 Rad8 17. h3 Qc6 18. Nf3 Nh5 19. Qf2 Nhxf4 20. Be4 d5 21. Bxf4 dxe4 22. Ne5 Nxe5 23. Bxe5 f6 24. Bf4 Qxc4 25. Re3 Qd5 26. Rc1 e5 27. Bh6 exd4 28. Rg3 Rd7 29. Qxf6 Qe5 30. Rxg7+ Rxg7 31. Bxg7 Qxf6 32. Bxf6 d3 33. Kf2 e3+ 34. Ke1 d2+ 35. Ke2 Ba6+ 0-1

[Event "CAN-ch U12"]
[Site "Sault Ste Marie"]
[Date "2017.07.07"]
[Round "4.63"]
[White "Lu, Lucas Yunkun"]
[Black "Craciun, David"]
[Result "0-1"]
[WhiteElo "1299"]
[BlackElo "1617"]
[PlyCount "40"]
[EventDate "2017.07.06"]
[EventType "swiss"]
[EventRounds "7"]
[EventCountry "CAN"]
[SourceTitle "EXT 2022"]
[Source "ChessBase"]
[SourceDate "2021.10.06"]
[SourceVersion "1"]
[SourceVersionDate "2021.10.06"]
[SourceQuality "1"]

1. e4 e5 2. Nf3 Nc6 3. Bb5 a6 4. Bxc6 dxc6 5. 0-0 Bg4 6. d3 Qf6 7. Nbd2 Bc5 8. c3 Ne7 9. b4 Ba7 10. Bb2 Ng6 11. d4 h5 12. Qc2 0-0-0 13. a4 Rde8 14. b5 a5 15. dxe5 Nxe5 16. Nxe5 Qxe5 17. Nc4 Qg5 18. Qd3 Rd8 19. Qc2 Bf3 20. g3 h4 0-1

[Event "CAN-ch U12"]
[Site "Sault Ste Marie"]
[Date "2017.07.06"]
[Round "2.55"]
[White "Tanaka, Taira Tyler"]
[Black "Craciun, David"]
[Result "1-0"]
[WhiteElo "2085"]
[BlackElo "1617"]
[PlyCount "63"]
[EventDate "2017.07.06"]
[EventType "swiss"]
[EventRounds "7"]
[EventCountry "CAN"]
[SourceTitle "EXT 2022"]
[Source "ChessBase"]
[SourceDate "2021.10.06"]
[SourceVersion "1"]
[SourceVersionDate "2021.10.06"]
[SourceQuality "1"]

1. e4 e5 2. Nf3 Nc6 3. Bb5 a6 4. Ba4 Nf6 5. 0-0 Be7 6. Re1 b5 7. Bb3 0-0 8. a4 b4 9. d4 d6 10. dxe5 Nxe5 11. Nxe5 dxe5 12. Qe2 Bb7 13. Rd1 Bd6 14. f3 Nh5 15. Be3 Kh8 16. Bd5 c6 17. Bb3 f5 18. Nd2 Qf6 19. Nc4 Bc7 20. Rd7 Rac8 21. Nb6 Bxb6 22. Bxb6 Ba8 23. Bc5 Nf4 24. Qf1 Rfe8 25. Rad1 fxe4 26. fxe4 a5 27. Bf7 h6 28. Bxe8 Rxe8 29. g3 Qg5 30. Kh1 Ne6 31. Qf7 Nxc5 32. Qxe8+ 1-0

[Event "Quebec op U1200"]
[Site "Montreal"]
[Date "2016.07.27"]
[Round "6.84"]
[White "Craciun, David"]
[Black "Houle, Bernard"]
[Result "0-1"]
[WhiteElo "1135"]
[BlackElo "1131"]
[PlyCount "70"]
[EventDate "2016.07.23"]
[EventType "swiss"]
[EventRounds "8"]
[EventCountry "CAN"]
[SourceTitle "EXT 2022"]
[Source "ChessBase"]
[SourceDate "2021.10.06"]
[SourceVersion "1"]
[SourceVersionDate "2021.10.06"]
[SourceQuality "1"]

1. d4 d5 2. e3 Nf6 3. Bd3 Nc6 4. f4 g6 5. Nf3 Bg7 6. 0-0 Nb4 7. Bb5+ Bd7 8. Bxd7+ Qxd7 9. c3 Nc6 10. Ne5 Nxe5 11. fxe5 Ne4 12. Qf3 e6 13. Nd2 Ng5 14. Qf4 h6 15. b3 Qe7 16. e4 c6 17. a4 b6 18. c4 Nxe4 19. Nxe4 dxe4 20. Qxe4 Rc8 21. Re1 0-0 22. Ra2 f5 23. exf6 Rxf6 24. Rae2 Qb4 25. Qd3 Qd6 26. Bb2 Re8 27. d5 Rf7 28. Bxg7 Kxg7 29. Rxe6 Qc5+ 30. R6e3 cxd5 31. cxd5 Rfe7 32. Kf2 Rf8+ 33. Ke2 Rxe3+ 34. Qxe3 Qc2+ 35. Qd2 Re8+ 0-1

[Event "Quebec-ch U12"]
[Site "Montreal"]
[Date "2016.01.15"]
[Round "1"]
[White "Craciun, David"]
[Black "Omichi, Haruaki"]
[Result "0-1"]
[WhiteElo "1077"]
[BlackElo "1355"]
[PlyCount "44"]
[EventDate "2016.01.15"]
[EventType "swiss"]
[EventRounds "5"]
[EventCountry "CAN"]
[SourceTitle "EXT 2017"]
[Source "ChessBase"]
[SourceDate "2016.10.25"]
[SourceVersion "1"]
[SourceVersionDate "2016.10.25"]
[SourceQuality "1"]

1. e4 c5 2. Nf3 Nc6 3. d4 cxd4 4. Nxd4 g6 5. Be3 Bg7 6. Bc4 Nf6 7. Nc3 0-0 8. 0-0 d6 9. f4 Ng4 10. Bf2 Nxf2 11. Kxf2 Bxd4+ 12. Ke1 Bg7 13. Qd2 Qb6 14. Bb3 Qd4 15. Qe2 Qb6 16. Rd1 h5 17. Nd5 Qd8 18. h3 Nd4 19. Qd2 Be6 20. Nc3 Bxb3 21. axb3 e6 22. g4 Qh4+ 0-1